00829cam a22002291 4500001001300000003000400013005001700017008004100034010001700075035001900092040005000111042001200161050001400173110002900187245010100216260005300317300001700370490007900387490004800466650005400514650003100568s 13000033 DLC20260227111910.0780324m18551856dcu b f000 0 eng c as 13000033  a(OCoLC)3745535 aLibrary, Smithsonian InstitutioncNGenoUdDLC apremarc00aQ11b.S682 aSmithsonian Institution.10aPublications of learned societies and periodicals in the library of the Smithsonian Institution. a[Washington,bSmithsonian Institution,c1855-56] a2 v.c33 cm.0 aSmithsonian contributions to knowledge: vol. VII, app.; vol. VIII, app. 2]0 aSmithsonian Institution publication 73, 85. 0aLearned institutions and societiesvBibliography. 0aPeriodicalsvBibliography.